Welcome to the Holygrace Academy Library

Please use search bar below to get started

CHENNAYA (Record no. 7196)

MARC details
000 -LEADER
fixed length control field 02228nam a22001457a 4500
020 ## - INTERNATIONAL STANDARD BOOK NUMBER
ISBN 978-93-5432-489-5
082 ## - DEWEY DECIMAL CLASSIFICATION NUMBER
Classification number 894.812.3
Item number IND/C
100 ## - MAIN ENTRY--AUTHOR NAME
Personal name INDUGOPAN, G R
245 ## - TITLE STATEMENT
Title CHENNAYA
260 ## - PUBLICATION, DISTRIBUTION, ETC. (IMPRINT)
Place of publication KOTTAYAM
Name of publisher DC BOOKS
Year of publication 2021
300 ## - PHYSICAL DESCRIPTION
Number of Pages 128
520 ## - SUMMARY, ETC.
Summary, etc മറ്റുള്ളവരിൽനിന്നൊക്കെ വ്യത്യസ്തനാണ് ജി. ആർ. ഇന്ദുഗോപൻ. അദ്ദേഹം സ്വീകരിക്കുന്ന കഥാവസ്തുവിലും അത് അവതരിപ്പിക്കുന്ന രീതിയിലും എന്തിന്, ഭാഷയിൽപ്പോലും ഈ വ്യത്യാസം തെളിഞ്ഞുകാണാം. 'ചെന്നായ' എന്ന കഥയെപ്പറ്റി എടുത്തുപറയേണ്ടതാണ്. വാട്‌സ്ആപ്പ് തുടങ്ങിയ ആപ്പുകളിൽ പെട്ടുപോകുന്ന അനേകരുടെ അനുഭവങ്ങൾ സാധാരണമാണ്. എന്നാൽ അത്തരമൊരു സാധാരണ അനുഭവത്തെ ഒരു ത്രില്ലറിന്റെ അപൂർവതയും അപ്രതീക്ഷിതത്വവുമെല്ലാം ചേർത്ത് അത്ഭുതപ്പെടുത്തുന്ന കഥയെഴുത്തിന്റെ രസതന്ത്രം അത്യന്തം ആസ്വാദ്യകരമാക്കിയിരിക്കുന്നു. 'വൂൾഫ്' എന്ന പേരിൽ ചലച്ചിത്രമാകുന്ന 'ചെന്നായ' എന്ന കഥയ്‌ക്കൊപ്പം മറുത, ക്ലോക്ക് റൂം, കുള്ളനും കിഴവനും, പതിനെട്ടര കമ്പനി എന്നീ കഥകളും ചേർന്ന ജി. ആർ. ഇന്ദുഗോപന്റെ ഏറ്റവും പുതിയ സമാഹാരം. ഒപ്പം കഥാകാരനുമായുള്ള ദീർഘ അഭിമുഖവും.
650 ## - SUBJECT ADDED ENTRY--TOPICAL TERM
Topical Term MALAYALAM NOVEL
Geographic subdivision KERALA
942 ## - ADDED ENTRY ELEMENTS (KOHA)
Koha item type Books
Holdings
Withdrawn status Lost status Collection code Home library Current library Shelving location Date acquired Source of acquisition Cost, normal purchase price Full call number Accession Number Koha item type
    Fiction Main Library Main Library NEW SHELF WITH NEW ENTRY 11/11/2023 purchase 150.00 894.812 IND/C 13335 Books